[Event "New Delhi Parsvnath op-B 17th"]
[Site "New Delhi"]
[Date "2019.01.11"]
[Round "7"]
[White "Farzad, Khusraw"]
[Black "Aryan"]
[Result "0-1"]
[WhiteElo "1877"]
[BlackElo "1784"]
[PlyCount "43"]
[EventDate "2019.01.09"]
[EventType "swiss"]
[EventRounds "10"]
[EventCountry "IND"]
[SourceTitle "CBM 189 Extra"]
[Source "ChessBase"]
[SourceDate "2019.06.03"]
[SourceVersion "1"]
[SourceVersionDate "2019.06.03"]
[SourceQuality "1"]

1. b3 b6 2. Bb2 Bb7 3. e3 e6 4. Nf3 f5 5. Be2 Nf6 6. 0-0 Nc6 7. h3 Bd6 8. Nc3 a6 9. d4 Qe7 10. a3 0-0-0 11. b4 Rhg8 12. b5 axb5 13. Nxb5 g5 14. Ne5 Bxe5 15. dxe5 Ne4 16. Bf3 h5 17. Bxe4 fxe4 18. Qxh5 g4 19. g3 gxh3 20. Qxh3 Rh8 21. Qg4 Qh7 22. Qh4 0-1

[Event "New Delhi Parsvnath op-B 17th"]
[Site "New Delhi"]
[Date "2019.01.10"]
[Round "6"]
[White "Madhusoodanan, KR."]
[Black "Farzad, Khusraw"]
[Result "0-1"]
[WhiteElo "1730"]
[BlackElo "1877"]
[PlyCount "82"]
[EventDate "2019.01.09"]
[EventType "swiss"]
[EventRounds "10"]
[EventCountry "IND"]
[SourceTitle "CBM 189 Extra"]
[Source "ChessBase"]
[SourceDate "2019.06.03"]
[SourceVersion "1"]
[SourceVersionDate "2019.06.03"]
[SourceQuality "1"]

1. Nf3 Nf6 2. c4 g6 3. Nc3 Bg7 4. g3 0-0 5. Bg2 d6 6. 0-0 c5 7. d4 Na6 8. h3 cxd4 9. Nxd4 Nc5 10. Be3 Rb8 11. Qd2 Re8 12. b4 Ncd7 13. Rac1 a6 14. Rfd1 Nb6 15. Nd5 Nfxd5 16. cxd5 e5 17. Nc6 bxc6 18. dxc6 Qc7 19. Qxd6 Na8 20. Qxc7 Nxc7 21. Rd7 Ne6 22. Bd5 Bxd7 23. cxd7 Red8 24. Bxe6 fxe6 25. Rc7 Kf7 26. a3 Rb5 27. Bc5 a5 28. a4 Rxb4 29. Bxb4 axb4 30. a5 e4 31. a6 Bd4 32. a7 Ke7 33. Rb7 Bxa7 34. Rxa7 Rxd7 35. Ra1 Kd6 36. Kf1 Kc5 37. Ke1 b3 38. Rd1 Rxd1+ 39. Kxd1 Kb4 40. Kc1 Kc3 41. e3 Kd3 0-1